Name the Top 50 Russian Cities by Population - Statistics

General Stats
  • This quiz has been taken 147 times
  • The average score is 28 of 50
Answer Stats
Hint Answer % Correct
. Moscow
100%
. Saint Petersburg
98%
. Volgograd
90%
. Vladivostok
89%
. Nizhny Novgorod
88%
. Yekaterinburg
88%
. Kazan
87%
. Novosibirsk
85%
. Rostov-on-Don
85%
. Omsk
80%
. Ufa
79%
. Perm
76%
. Chelyabinsk
75%
. Samara
75%
. Krasnodar
72%
. Krasnoyarsk
71%
. Sochi
71%
. Irkutsk
65%
. Voronezh
65%
. Saratov
63%
. Kursk
59%
. Sevastopol
59%
. Tomsk
57%
. Kaliningrad
55%
. Tula
54%
. Orenburg
52%
. Yaroslavl
52%
. Astrakhan
51%
. Tyumen
50%
. Bryansk
47%
. Tver
46%
. Tolyatti
45%
. Izhevsk
44%
. Makhachkala
44%
. Stavropol
43%
. Ulyanovsk
43%
. Ryazan
41%
. Lipetsk
39%
. Ulan-Ude
37%
. Kirov
36%
. Penza
36%
. Barnaul
35%
. Magnitogorsk
34%
. Ivanovo
30%
. Kemerovo
29%
. Cheboksary
25%
. Naberezhnye Chelny
23%
. Novokuznetsk
20%
. Surgut
15%
. Balashikha
13%
No matching quizzes found
Score Distribution
Percent of People with Each Score
Percentile by Number Answered
Your Score History
You have not taken this quiz